[Event "DEM U12w 2024"]
[Site "Willingen GER"]
[Date "2024.05.19"]
[Round "2"]
[White "Krannich, Eva"]
[Black "Birkenheier, Larissa"]
[Result "1/2-1/2"]
[Termination "normal"]
[Board "11"]
[WhiteElo "1176"]
[BlackElo "1501"]
[WhiteClock "00:40:47"]
[BlackClock "00:12:01"]
[PlyCount "101"]
[WhiteFideId "34639713"]
[BlackFideId "34626379"]
[EventCountry "GER"]
[EventRounds "9"]
[EventType "swiss"]
[EventDate "2024.05.18"]

1. e4 {[%clk 01:30:58]} {[%emt 00:00:01]} e5 {[%clk 01:30:44]} {[%emt
00:00:17]} 2. Nf3 {[%clk 01:31:18]} {[%emt 00:00:09]} Nc6 {[%clk 01:30:39]}
{[%emt 00:00:36]} 3. Bc4 {[%clk 01:31:28]} {[%emt 00:00:20]} Bc5 {[%clk
01:29:55]} {[%emt 00:01:14]} 4. d3 {[%clk 01:31:21]} {[%emt 00:00:37]} Nf6
{[%clk 01:29:39]} {[%emt 00:00:46]} 5. Bb3 {[%clk 01:31:33]} {[%emt 00:00:18]}
d6 {[%clk 01:29:05]} {[%emt 00:01:04]} 6. c3 {[%clk 01:31:14]} {[%emt
00:00:49]} Be6 {[%clk 01:28:07]} {[%emt 00:01:28]} 7. Bc2 {[%clk 01:31:27]}
{[%emt 00:00:17]} d5 {[%clk 01:26:10]} {[%emt 00:02:26]} 8. Qe2 {[%clk
01:30:51]} {[%emt 00:01:07]} Qd6 {[%clk 01:21:28]} {[%emt 00:05:11]} 9. Nbd2
{[%clk 01:30:06]} {[%emt 00:01:17]} O-O {[%clk 01:20:13]} {[%emt 00:01:44]} 10.
h3 {[%clk 01:28:59]} {[%emt 00:01:37]} Nh5 {[%clk 01:15:25]} {[%emt 00:05:18]}
11. g3 {[%clk 01:26:45]} {[%emt 00:02:45]} Nf6 {[%clk 01:09:03]} {[%emt
00:06:52]} 12. Nf1 {[%clk 01:20:02]} {[%emt 00:07:12]} h6 {[%clk 01:02:01]}
{[%emt 00:07:32]} 13. g4 {[%clk 01:18:45]} {[%emt 00:01:47]} Nh7 {[%clk
00:52:17]} {[%emt 00:10:14]} 14. Ng3 {[%clk 01:16:42]} {[%emt 00:02:33]} Rfe8
{[%clk 00:46:50]} {[%emt 00:05:56]} 15. Nh4 {[%clk 01:13:05]} {[%emt 00:04:08]}
Ne7 {[%clk 00:43:20]} {[%emt 00:03:59]} 16. Nhf5 {[%clk 01:10:40]} {[%emt
00:02:57]} Bxf5 {[%clk 00:40:32]} {[%emt 00:03:18]} 17. gxf5 {[%clk 01:10:50]}
{[%emt 00:00:21]} Nf6 {[%clk 00:39:14]} {[%emt 00:01:46]} 18. Rg1 {[%clk
01:10:17]} {[%emt 00:01:04]} Kh7 {[%clk 00:37:29]} {[%emt 00:02:14]} 19. Nh5
{[%clk 01:10:24]} {[%emt 00:00:24]} g6 {[%clk 00:34:05]} {[%emt 00:03:54]} 20.
Qd2 {[%clk 01:00:55]} {[%emt 00:10:00]} g5 {[%clk 00:27:07]} {[%emt 00:07:26]}
21. Nxf6+ {[%clk 00:59:49]} {[%emt 00:01:36]} Qxf6 {[%clk 00:27:14]} {[%emt
00:00:24]} 22. Qe2 {[%clk 00:59:33]} {[%emt 00:00:46]} Rg8 {[%clk 00:25:15]}
{[%emt 00:02:29]} 23. Qh5 {[%clk 00:58:37]} {[%emt 00:01:27]} Rg7 {[%clk
00:23:02]} {[%emt 00:02:42]} 24. Ke2 {[%clk 00:50:27]} {[%emt 00:08:41]} Rag8
{[%clk 00:20:50]} {[%emt 00:02:41]} 25. Bd2 {[%clk 00:49:40]} {[%emt 00:01:17]}
Qb6 {[%clk 00:19:17]} {[%emt 00:02:02]} 26. Qf3 {[%clk 00:48:46]} {[%emt
00:01:24]} dxe4 {[%clk 00:18:26]} {[%emt 00:01:22]} 27. dxe4 {[%clk 00:48:59]}
{[%emt 00:00:17]} f6 {[%clk 00:18:40]} {[%emt 00:00:15]} 28. Bb3 {[%clk
00:49:12]} {[%emt 00:00:17]} Rd8 {[%clk 00:18:40]} {[%emt 00:00:30]} 29. Be3
{[%clk 00:48:32]} {[%emt 00:01:11]} Bxe3 {[%clk 00:18:32]} {[%emt 00:00:39]}
30. Qxe3 {[%clk 00:48:54]} {[%emt 00:00:07]} Nc6 {[%clk 00:17:59]} {[%emt
00:01:03]} 31. Qxb6 {[%clk 00:49:14]} {[%emt 00:00:11]} axb6 {[%clk 00:18:14]}
{[%emt 00:00:15]} 32. Rad1 {[%clk 00:49:17]} {[%emt 00:00:28]} Rgd7 {[%clk
00:17:55]} {[%emt 00:00:49]} 33. Rxd7+ {[%clk 00:48:04]} {[%emt 00:01:43]} Rxd7
{[%clk 00:18:16]} {[%emt 00:00:08]} 34. Rd1 {[%clk 00:48:01]} {[%emt 00:00:33]}
Rxd1 {[%clk 00:17:51]} {[%emt 00:00:55]} 35. Kxd1 {[%clk 00:47:53]} {[%emt
00:00:39]} h5 {[%clk 00:16:36]} {[%emt 00:01:45]} 36. Kd2 {[%clk 00:47:39]}
{[%emt 00:00:44]} Ne7 {[%clk 00:16:05]} {[%emt 00:01:01]} 37. Bd1 {[%clk
00:46:52]} {[%emt 00:01:17]} h4 {[%clk 00:16:08]} {[%emt 00:00:27]} 38. Kd3
{[%clk 00:47:11]} {[%emt 00:00:11]} Kg7 {[%clk 00:16:21]} {[%emt 00:00:17]} 39.
c4 {[%clk 00:45:58]} {[%emt 00:01:43]} Kf8 {[%clk 00:15:50]} {[%emt 00:01:01]}
40. b4 {[%clk 00:45:56]} {[%emt 00:00:32]} Ke8 {[%clk 00:15:12]} {[%emt
00:01:07]} 41. Ba4+ {[%clk 00:45:13]} {[%emt 00:01:13]} c6 {[%clk 00:14:52]}
{[%emt 00:00:50]} 42. c5 {[%clk 00:45:05]} {[%emt 00:00:40]} b5 {[%clk
00:14:37]} {[%emt 00:00:44]} 43. Bb3 {[%clk 00:45:30]} {[%emt 00:00:05]} Kd8
{[%clk 00:12:56]} {[%emt 00:02:11]} 44. a4 {[%clk 00:45:06]} {[%emt 00:00:54]}
Kc7 {[%clk 00:11:09]} {[%emt 00:02:16]} 45. axb5 {[%clk 00:44:12]} {[%emt
00:01:25]} cxb5 {[%clk 00:10:58]} {[%emt 00:00:41]} 46. Bd5 {[%clk 00:44:23]}
{[%emt 00:00:18]} Nc6 {[%clk 00:10:46]} {[%emt 00:00:41]} 47. Bxc6 {[%clk
00:41:06]} {[%emt 00:03:48]} bxc6 {[%clk 00:11:05]} {[%emt 00:00:12]} 48. Ke3
{[%clk 00:41:25]} {[%emt 00:00:10]} Kd7 {[%clk 00:11:21]} {[%emt 00:00:14]} 49.
Kf3 {[%clk 00:41:53]} {[%emt 00:00:02]} Ke7 {[%clk 00:11:42]} {[%emt 00:00:09]}
50. Kg4 {[%clk 00:42:18]} {[%emt 00:00:05]} Kf7 {[%clk 00:12:01]} {[%emt
00:00:11]} 51. Kf3 {[%clk 00:40:47]} {[%emt 00:02:01]} 1/2-1/2

[Event "DEM U12w 2024"]
[Site "Willingen GER"]
[Date "2024.05.19"]
[Round "2"]
[White "Yang, Sophie"]
[Black "Jordan, Christina"]
[Result "0-1"]
[Termination "normal"]
[Board "12"]
[WhiteElo "1543"]
[BlackElo "1802"]
[WhiteClock "00:24:15"]
[BlackClock "00:15:59"]
[PlyCount "60"]
[WhiteFideId "16279174"]
[BlackFideId "1347977"]
[EventCountry "GER"]
[EventRounds "9"]
[EventType "swiss"]
[EventDate "2024.05.18"]

1. d4 {[%clk 01:30:58]} {[%emt 00:00:02]} d5 {[%clk 01:30:56]} {[%emt
00:00:05]} 2. c4 {[%clk 01:31:23]} {[%emt 00:00:04]} c6 {[%clk 01:31:22]}
{[%emt 00:00:04]} 3. Nc3 {[%clk 01:31:46]} {[%emt 00:00:08]} Nf6 {[%clk
01:30:44]} {[%emt 00:01:07]} 4. e3 {[%clk 01:32:03]} {[%emt 00:00:12]} e6
{[%clk 01:11:19]} {[%emt 00:19:56]} 5. Bd3 {[%clk 01:28:35]} {[%emt 00:03:58]}
Bd6 {[%clk 01:09:28]} {[%emt 00:02:21]} 6. Nf3 {[%clk 01:26:29]} {[%emt
00:02:36]} Nbd7 {[%clk 01:06:51]} {[%emt 00:03:07]} 7. O-O {[%clk 01:26:00]}
{[%emt 00:00:57]} O-O {[%clk 01:06:29]} {[%emt 00:00:53]} 8. Qc2 {[%clk
01:21:00]} {[%emt 00:05:30]} h6 {[%clk 01:01:51]} {[%emt 00:05:09]} 9. b3
{[%clk 01:20:14]} {[%emt 00:01:16]} e5 {[%clk 00:57:30]} {[%emt 00:04:51]} 10.
dxe5 {[%emt 00:00:08]} Nxe5 {[%emt 00:00:08]} 11. Nxe5 {[%clk 01:19:40]} {[%emt
00:00:48]} Bxe5 {[%clk 00:57:55]} {[%emt 00:00:04]} 12. h3 {[%clk 01:11:51]}
{[%emt 00:08:20]} d4 13. exd4 {[%clk 01:04:10]} Qxd4 {[%clk 00:44:28]} {[%emt
00:00:32]} 14. Bd2 {[%clk 01:02:21]} {[%emt 00:02:19]} Rd8 {[%clk 00:38:13]}
{[%emt 00:06:44]} 15. Bf5 {[%clk 00:46:15]} {[%emt 00:16:35]} Bxf5 {[%clk
00:34:35]} {[%emt 00:04:09]} 16. Qxf5 {[%clk 00:45:17]} {[%emt 00:01:27]} g6
{[%clk 00:33:50]} {[%emt 00:01:16]} 17. Ne2 {[%clk 00:40:12]} {[%emt 00:05:32]}
Qd6 {[%clk 00:31:48]} {[%emt 00:02:34]} 18. Qc2 {[%clk 00:34:42]} {[%emt
00:05:58]} Bxa1 {[%clk 00:32:11]} {[%emt 00:00:10]} 19. Bxh6 {[%clk 00:31:36]}
{[%emt 00:03:35]} Be5 {[%clk 00:30:53]} {[%emt 00:01:47]} 20. Be3 {[%clk
00:29:55]} {[%emt 00:02:11]} c5 {[%clk 00:28:28]} {[%emt 00:02:57]} 21. Bg5
{[%clk 00:27:45]} {[%emt 00:02:36]} Rd7 {[%clk 00:23:20]} {[%emt 00:05:41]} 22.
Be3 {[%clk 00:25:56]} {[%emt 00:02:19]} Re8 {[%clk 00:21:29]} {[%emt 00:02:21]}
23. Kh1 {[%clk 00:25:14]} {[%emt 00:01:11]} Bd4 {[%clk 00:18:49]} {[%emt
00:03:12]} 24. Bf4 {[%clk 00:23:59]} {[%emt 00:01:44]} Qe6 {[%clk 00:17:47]}
{[%emt 00:01:32]} 25. Ng3 {[%clk 00:24:15]} {[%emt 00:00:13]} Ne4 {[%clk
00:17:17]} {[%emt 00:01:01]} 26. Nxe4 {[%clk 00:24:03]} {[%emt 00:00:42]} Qxe4
{[%clk 00:17:44]} {[%emt 00:00:04]} 27. Qc1 {[%clk 00:24:08]} {[%emt 00:00:24]}
Qe2 {[%clk 00:16:45]} {[%emt 00:01:28]} 28. Bg3 {[%clk 00:24:09]} {[%emt
00:00:28]} Bb2 {[%clk 00:16:14]} {[%emt 00:01:03]} 29. Qb1 {[%clk 00:24:19]}
{[%emt 00:00:20]} Red8 {[%clk 00:15:59]} {[%emt 00:00:46]} 30. Rg1 {[%clk
00:24:15]} {[%emt 00:00:33]} Rd1 {[%emt 00:01:12]} 0-1

[Event "DEM U12w 2024"]
[Site "Willingen GER"]
[Date "2024.05.19"]
[Round "2"]
[White "Weyerer, Elea"]
[Black "Ali, Maha"]
[Result "0-1"]
[Termination "normal"]
[Board "13"]
[WhiteElo "1507"]
[BlackElo "1667"]
[WhiteClock "00:52:25"]
[BlackClock "00:45:56"]
[PlyCount "60"]
[WhiteFideId "34605770"]
[BlackFideId "34626581"]
[EventCountry "GER"]
[EventRounds "9"]
[EventType "swiss"]
[EventDate "2024.05.18"]

1. d4 {[%clk 01:30:57]} {[%emt 00:00:03]} d5 {[%clk 01:30:54]} {[%emt
00:00:07]} 2. Bf4 {[%clk 01:31:16]} {[%emt 00:00:10]} Nf6 {[%clk 01:31:12]}
{[%emt 00:00:13]} 3. e3 {[%clk 01:31:35]} {[%emt 00:00:11]} c5 {[%clk
01:31:11]} {[%emt 00:00:31]} 4. c3 {[%clk 01:31:42]} {[%emt 00:00:23]} Nc6
{[%clk 01:31:28]} {[%emt 00:00:12]} 5. Nd2 {[%clk 01:31:27]} {[%emt 00:00:46]}
e6 {[%clk 01:30:52]} {[%emt 00:01:06]} 6. Ngf3 {[%clk 01:31:40]} {[%emt
00:00:16]} Bd6 {[%clk 01:31:03]} {[%emt 00:00:20]} 7. Ne5 {[%clk 01:31:45]}
{[%emt 00:00:25]} O-O {[%clk 01:30:25]} {[%emt 00:01:08]} 8. Bd3 {[%clk
01:31:56]} {[%emt 00:00:19]} Qc7 {[%clk 01:29:46]} {[%emt 00:01:09]} 9. Ndf3
{[%clk 01:26:48]} {[%emt 00:05:35]} Nd7 {[%clk 01:27:07]} {[%emt 00:03:12]} 10.
Nxc6 {[%clk 01:24:59]} {[%emt 00:02:19]} Qxc6 {[%clk 01:24:57]} {[%emt
00:02:40]} 11. Bg3 {[%clk 01:24:50]} {[%emt 00:00:34]} c4 {[%clk 01:22:27]}
{[%emt 00:03:05]} 12. Bc2 {[%clk 01:24:53]} {[%emt 00:00:27]} b5 {[%clk
01:21:02]} {[%emt 00:01:55]} 13. Qe2 {[%clk 01:24:10]} {[%emt 00:01:11]} a5
{[%clk 01:19:27]} {[%emt 00:02:06]} 14. e4 {[%clk 01:23:13]} {[%emt 00:01:27]}
Bb7 {[%clk 01:16:29]} {[%emt 00:03:29]} 15. Bxd6 {[%clk 01:21:57]} {[%emt
00:01:45]} Qxd6 {[%clk 01:16:06]} {[%emt 00:00:53]} 16. e5 {[%clk 01:21:24]}
{[%emt 00:01:03]} Qe7 {[%clk 01:15:12]} {[%emt 00:01:24]} 17. g4 {[%clk
01:19:00]} {[%emt 00:02:54]} b4 {[%clk 01:13:14]} {[%emt 00:02:28]} 18. h4
{[%clk 01:18:14]} {[%emt 00:01:16]} a4 {[%clk 01:06:12]} {[%emt 00:07:33]} 19.
g5 {[%clk 01:13:37]} {[%emt 00:05:06]} a3 {[%clk 01:01:31]} {[%emt 00:05:12]}
20. b3 {[%clk 01:10:19]} {[%emt 00:03:48]} cxb3 {[%clk 00:59:00]} {[%emt
00:03:01]} 21. axb3 {[%clk 01:09:25]} {[%emt 00:01:25]} Ba6 {[%clk 00:57:44]}
{[%emt 00:01:45]} 22. Qe3 {[%clk 01:08:26]} {[%emt 00:01:28]} Rfc8 {[%clk
00:56:07]} {[%emt 00:02:08]} 23. c4 {[%clk 01:01:52]} {[%emt 00:07:04]} dxc4
{[%clk 00:54:34]} {[%emt 00:02:03]} 24. bxc4 {[%clk 00:59:59]} {[%emt
00:02:23]} Bxc4 {[%clk 00:52:23]} {[%emt 00:02:41]} 25. Nd2 {[%clk 00:57:27]}
{[%emt 00:03:00]} Bd5 {[%clk 00:50:08]} {[%emt 00:02:47]} 26. Qd3 {[%clk
00:56:28]} {[%emt 00:01:29]} Nf8 {[%clk 00:49:33]} {[%emt 00:01:05]} 27. Ne4
{[%clk 00:55:15]} {[%emt 00:01:42]} Bxe4 {[%clk 00:47:20]} {[%emt 00:02:44]}
28. Qxe4 {[%clk 00:55:14]} {[%emt 00:00:31]} b3 {[%clk 00:46:45]} {[%emt
00:01:05]} 29. Bd1 {[%clk 00:52:17]} {[%emt 00:03:27]} b2 {[%clk 00:46:01]}
{[%emt 00:01:14]} 30. Ra2 {[%clk 00:52:25]} {[%emt 00:00:21]} Qb4+ {[%clk
00:45:56]} {[%emt 00:00:36]} 0-1

[Event "DEM U12w 2024"]
[Site "Willingen GER"]
[Date "2024.05.19"]
[Round "2"]
[White "Nönnig, Lotte"]
[Black "Bayer, Klara"]
[Result "0-1"]
[Termination "normal"]
[Board "14"]
[WhiteElo "1647"]
[BlackElo "1261"]
[WhiteClock "00:02:37"]
[BlackClock "00:14:05"]
[PlyCount "82"]
[WhiteFideId "34611509"]
[BlackFideId "34658955"]
[EventCountry "GER"]
[EventRounds "9"]
[EventType "swiss"]
[EventDate "2024.05.18"]

1. e4 {[%clk 01:30:57]} {[%emt 00:00:02]} c5 {[%clk 01:30:46]} {[%emt
00:00:15]} 2. Nf3 {[%clk 01:31:18]} {[%emt 00:00:09]} d6 {[%clk 01:31:06]}
{[%emt 00:00:09]} 3. d4 {[%clk 01:31:36]} {[%emt 00:00:12]} cxd4 {[%clk
01:31:24]} {[%emt 00:00:12]} 4. Nxd4 {[%clk 01:31:56]} {[%emt 00:00:11]} Nf6
{[%clk 01:31:41]} {[%emt 00:00:13]} 5. Nc3 {[%clk 01:32:04]} {[%emt 00:00:22]}
a6 {[%clk 01:31:59]} {[%emt 00:00:12]} 6. Be3 {[%clk 01:31:48]} {[%emt
00:00:47]} e5 {[%clk 01:32:02]} {[%emt 00:00:26]} 7. Nb3 {[%clk 01:32:05]}
{[%emt 00:00:12]} Be6 {[%clk 01:32:01]} {[%emt 00:00:31]} 8. Qd2 {[%clk
01:31:56]} {[%emt 00:00:40]} Be7 {[%clk 01:31:42]} {[%emt 00:00:47]} 9. f3
{[%clk 01:31:50]} {[%emt 00:00:38]} Nbd7 {[%clk 01:31:18]} {[%emt 00:00:54]}
10. O-O-O {[%clk 01:31:05]} {[%emt 00:01:15]} O-O {[%clk 01:31:14]} {[%emt
00:00:34]} 11. Kb1 {[%clk 01:25:11]} {[%emt 00:06:23]} Rc8 {[%clk 01:29:24]}
{[%emt 00:02:21]} 12. Qf2 {[%clk 01:19:49]} {[%emt 00:05:53]} b5 {[%clk
01:25:44]} {[%emt 00:04:09]} 13. g3 {[%clk 01:14:06]} {[%emt 00:06:13]} Rb8
{[%clk 01:22:05]} {[%emt 00:04:07]} 14. Bd3 {[%clk 01:08:44]} {[%emt 00:05:53]}
Nb6 {[%clk 01:15:05]} {[%emt 00:07:31]} 15. Rhg1 {[%clk 00:59:49]} {[%emt
00:09:24]} d5 {[%clk 01:09:12]} {[%emt 00:06:24]} 16. Bxb6 {[%clk 00:54:09]}
{[%emt 00:06:10]} Rxb6 {[%clk 01:08:14]} {[%emt 00:01:27]} 17. exd5 {[%clk
00:52:21]} {[%emt 00:02:19]} Nxd5 {[%clk 01:03:33]} {[%emt 00:05:12]} 18. Nxd5
{[%clk 00:50:26]} {[%emt 00:02:24]} Bxd5 {[%clk 01:02:45]} {[%emt 00:01:17]}
19. Rge1 {[%clk 00:40:56]} {[%emt 00:10:01]} f6 {[%clk 00:56:19]} {[%emt
00:06:56]} 20. Be4 {[%clk 00:37:06]} {[%emt 00:04:19]} Rd6 {[%clk 00:53:49]}
{[%emt 00:03:00]} 21. Qe3 {[%clk 00:31:03]} {[%emt 00:06:32]} Bc4 {[%clk
00:48:38]} {[%emt 00:05:43]} 22. Rxd6 {[%clk 00:28:19]} {[%emt 00:03:13]} Qxd6
{[%clk 00:47:15]} {[%emt 00:01:54]} 23. Nd2 {[%clk 00:24:56]} {[%emt 00:03:51]}
Bf7 {[%clk 00:47:00]} {[%emt 00:00:47]} 24. Qe2 {[%clk 00:23:17]} {[%emt
00:02:08]} Rd8 {[%clk 00:46:16]} {[%emt 00:01:15]} 25. Rd1 {[%clk 00:21:31]}
{[%emt 00:02:16]} Qd7 {[%clk 00:42:21]} {[%emt 00:04:26]} 26. Bd3 {[%clk
00:19:14]} {[%emt 00:02:45]} Rb8 {[%clk 00:40:57]} {[%emt 00:01:53]} 27. Re1
{[%clk 00:17:05]} {[%emt 00:02:40]} a5 {[%clk 00:35:33]} {[%emt 00:05:55]} 28.
f4 {[%clk 00:15:32]} {[%emt 00:02:03]} exf4 {[%clk 00:33:07]} {[%emt 00:02:56]}
29. gxf4 {[%clk 00:12:54]} {[%emt 00:03:08]} Bd6 {[%clk 00:29:42]} {[%emt
00:03:53]} 30. Qf2 {[%clk 00:11:07]} {[%emt 00:02:15]} Qc7 {[%clk 00:28:23]}
{[%emt 00:01:53]} 31. Rf1 {[%clk 00:10:29]} {[%emt 00:01:07]} b4 {[%clk
00:24:06]} {[%emt 00:04:48]} 32. Qh4 {[%clk 00:07:04]} {[%emt 00:03:55]} h6
{[%clk 00:23:45]} {[%emt 00:00:52]} 33. Qg4 {[%clk 00:07:00]} {[%emt 00:00:31]}
a4 {[%clk 00:20:03]} {[%emt 00:04:14]} 34. Rg1 {[%clk 00:06:39]} {[%emt
00:00:48]} Bf8 {[%clk 00:19:57]} {[%emt 00:00:38]} 35. Ne4 {[%clk 00:06:14]}
{[%emt 00:00:55]} Qc6 {[%clk 00:18:48]} {[%emt 00:01:40]} 36. Qh4 {[%clk
00:06:01]} {[%emt 00:00:42]} Kh8 {[%clk 00:16:39]} {[%emt 00:02:38]} 37. Nf2
{[%clk 00:05:26]} {[%emt 00:01:06]} b3 {[%clk 00:15:07]} {[%emt 00:02:03]} 38.
Ng4 {[%clk 00:05:20]} {[%emt 00:00:36]} bxa2+ {[%clk 00:14:14]} {[%emt
00:01:23]} 39. Ka1 {[%clk 00:05:33]} {[%emt 00:00:18]} a3 {[%clk 00:13:57]}
{[%emt 00:00:46]} 40. b3 {[%clk 00:02:47]} {[%emt 00:03:16]} Qc3+ {[%clk
00:14:05]} {[%emt 00:00:21]} 41. Kxa2 {[%clk 00:02:37]} {[%emt 00:00:40]} Qb2#
{[%emt 00:00:13]} 0-1

[Event "DEM U12w 2024"]
[Site "Willingen GER"]
[Date "2024.05.19"]
[Round "2"]
[White "Baklan, Kira"]
[Black "Fruth, Julia"]
[Result "0-1"]
[Termination "normal"]
[Board "15"]
[WhiteElo "1264"]
[BlackElo "1641"]
[WhiteClock "01:21:25"]
[BlackClock "00:30:13"]
[PlyCount "64"]
[WhiteFideId "34186514"]
[BlackFideId "34603050"]
[EventCountry "GER"]
[EventRounds "9"]
[EventType "swiss"]
[EventDate "2024.05.18"]

1. e4 {[%emt 00:00:02]} c5 {[%clk 01:30:33]} {[%emt 00:00:26]} 2. c3 {[%clk
01:30:54]} {[%emt 00:00:06]} d5 {[%clk 01:30:33]} {[%emt 00:00:30]} 3. exd5
{[%clk 01:31:18]} {[%emt 00:00:06]} Qxd5 {[%clk 01:30:53]} {[%emt 00:00:10]} 4.
d4 {[%clk 01:31:44]} {[%emt 00:00:04]} e6 {[%clk 01:30:28]} {[%emt 00:00:55]}
5. Nf3 {[%clk 01:32:07]} {[%emt 00:00:07]} Nc6 {[%clk 01:30:31]} {[%emt
00:00:26]} 6. Na3 {[%clk 01:32:17]} {[%emt 00:00:21]} a6 {[%clk 01:28:03]}
{[%emt 00:02:57]} 7. Be3 {[%clk 01:32:18]} {[%emt 00:00:30]} cxd4 {[%clk
01:25:18]} {[%emt 00:03:15]} 8. Nxd4 {[%clk 01:32:17]} {[%emt 00:00:32]} Nxd4
{[%clk 01:19:29]} {[%emt 00:06:18]} 9. Bxd4 {[%clk 01:32:31]} {[%emt 00:00:16]}
b5 {[%clk 01:15:47]} {[%emt 00:04:12]} 10. Nc2 {[%clk 01:30:23]} {[%emt
00:02:38]} Bb7 {[%clk 01:13:30]} {[%emt 00:02:46]} 11. Be3 {[%clk 01:26:03]}
{[%emt 00:04:51]} Qe4 {[%clk 01:09:46]} {[%emt 00:04:13]} 12. Qd3 {[%clk
01:25:12]} {[%emt 00:01:22]} Qxd3 {[%clk 01:04:37]} {[%emt 00:05:39]} 13. Bxd3
{[%clk 01:24:39]} {[%emt 00:01:03]} Bxg2 {[%clk 01:03:16]} {[%emt 00:01:50]}
14. Rg1 {[%clk 01:24:56]} {[%emt 00:00:13]} Bb7 {[%clk 01:01:52]} {[%emt
00:01:54]} 15. O-O-O {[%clk 01:24:30]} {[%emt 00:00:56]} Ne7 {[%clk 00:52:49]}
{[%emt 00:09:34]} 16. Bd4 {[%clk 01:24:51]} {[%emt 00:00:09]} Ng6 {[%clk
00:47:57]} {[%emt 00:05:21]} 17. Rdf1 {[%clk 01:22:14]} {[%emt 00:03:07]} O-O-O
{[%clk 00:41:15]} {[%emt 00:07:12]} 18. f4 {[%clk 01:19:01]} {[%emt 00:03:44]}
Ne7 {[%clk 00:36:50]} {[%emt 00:04:53]} 19. f5 {[%clk 01:18:46]} {[%emt
00:00:48]} e5 {[%clk 00:34:16]} {[%emt 00:03:03]} 20. Bxe5 {[%clk 01:18:00]}
{[%emt 00:01:16]} Rxd3 {[%clk 00:33:14]} {[%emt 00:01:32]} 21. f6 {[%clk
01:18:22]} {[%emt 00:00:08]} gxf6 {[%clk 00:32:47]} {[%emt 00:00:56]} 22. Bxf6
{[%clk 01:18:47]} {[%emt 00:00:05]} Rg8 {[%clk 00:30:33]} {[%emt 00:02:43]} 23.
Bxe7 {[%clk 01:18:17]} {[%emt 00:01:03]} Rxg1 {[%clk 00:30:35]} {[%emt
00:00:27]} 24. Rxg1 {[%clk 01:18:41]} {[%emt 00:00:06]} Bxe7 {[%clk 00:30:47]}
{[%emt 00:00:18]} 25. Rg7 {[%clk 01:18:47]} {[%emt 00:00:21]} h6 {[%clk
00:30:02]} {[%emt 00:01:16]} 26. Rxf7 {[%clk 01:19:09]} {[%emt 00:00:09]} Bg5+
{[%clk 00:30:09]} {[%emt 00:00:23]} 27. Ne3 {[%clk 01:19:24]} {[%emt 00:00:16]}
Bxe3+ {[%clk 00:29:50]} {[%emt 00:00:48]} 28. Kc2 {[%clk 01:19:51]} {[%emt
00:00:04]} Rd2+ {[%clk 00:29:48]} {[%emt 00:00:31]} 29. Kb3 {[%clk 01:20:15]}
{[%emt 00:00:07]} Bd5+ {[%clk 00:29:47]} {[%emt 00:00:30]} 30. Kb4 {[%clk
01:20:35]} {[%emt 00:00:12]} Rxb2+ {[%clk 00:29:45]} {[%emt 00:00:31]} 31. Ka5
{[%clk 01:21:00]} {[%emt 00:00:05]} Rxa2+ {[%clk 00:29:55]} {[%emt 00:00:20]}
32. Kb4 {[%clk 01:21:25]} {[%emt 00:00:04]} Ra4# {[%clk 00:30:13]} {[%emt
00:00:12]} 0-1